Natural disasters. (Record no. 114307)
[ view plain ]
| 000 -LEADER | |
|---|---|
| fixed length control field | 00290nam a2200121 a 4500 |
| 005 - DATE AND TIME OF LATEST TRANSACTION | |
| control field | 20140414132056.0 |
| 008 - FIXED-LENGTH DATA ELEMENTS--GENERAL INFORMATION | |
| fixed length control field | 100520s19uu xx 00 eng d |
| 050 ## - LIBRARY OF CONGRESS CALL NUMBER | |
| Classification number | REF 904 |
| Item number | D38 1992 |
| 100 ## - MAIN ENTRY--PERSONAL NAME | |
| Personal name | Davis, Lee |
| 245 ## - TITLE STATEMENT | |
| Title | Natural disasters. |
| 650 ## - SUBJECT ADDED ENTRY--TOPICAL TERM | |
| Topical term or geographic name as entry element | Natural disaster |
| Withdrawn status | Lost status | Damaged status | Home library | Current library | Shelving location | Date acquired | Source of acquisition | Total Checkouts | Full call number | Barcode | Date last seen | Price effective from | Koha item type |
|---|---|---|---|---|---|---|---|---|---|---|---|---|---|
| Munich Library | Munich Library | Reference Section | 05/20/2010 | REF 904 D38 1992 | M6112 | 04/14/2014 | 04/14/2014 | Books |